<?xml version="1.0" encoding="UTF-8"?>
<marc:record xmlns:marc="http://www.loc.gov/MARC21/slim">
   <marc:leader>00000nam a2200000 a 4500</marc:leader>
   <marc:datafield ind1="1" ind2=" " tag="100">
      <marc:subfield code="a">Astleitner, Doris</marc:subfield>
      <marc:subfield code="4">ctb</marc:subfield>
      <marc:subfield code="e">Mitwirkende/-r</marc:subfield>
   </marc:datafield>
   <marc:datafield ind1="1" ind2=" " tag="100">
      <marc:subfield code="a">Ruprecht, Alexander</marc:subfield>
      <marc:subfield code="4">edt</marc:subfield>
      <marc:subfield code="e">Bearbeiter/-in</marc:subfield>
   </marc:datafield>
   <marc:datafield ind1=" " ind2=" " tag="653">
      <marc:subfield code="a">Softcover / Schule</marc:subfield>
   </marc:datafield>
   <marc:datafield ind1=" " ind2=" " tag="653">
      <marc:subfield code="a">Lernen/Unterrichtsvorbereitung/Sonstiges</marc:subfield>
   </marc:datafield>
   <marc:datafield ind1="0" ind2="0" tag="245">
      <marc:subfield code="a">Praxishandbuch für "Deutsch" 5. - 8. Schulstufe</marc:subfield>
   </marc:datafield>
   <marc:datafield ind1="0" ind2="0" tag="245">
      <marc:subfield code="c">Bundesinstitut Bifie, Bildungsforschung, Innovation &amp; Entwicklung der Österreichischen Schulwesens ; Bm:uk, Bundesministerium für Unterricht, Kunst und Kultur</marc:subfield>
   </marc:datafield>
   <marc:datafield ind1=" " ind2="1" tag="264">
      <marc:subfield code="a">Graz</marc:subfield>
      <marc:subfield code="b">Leykam</marc:subfield>
      <marc:subfield code="c">2011</marc:subfield>
   </marc:datafield>
   <marc:datafield ind1="1" ind2=" " tag="520">
      <marc:subfield code="a">Angaben aus der Verlagsmeldung

Praxishandbuch für "Deutsch" 5.–8.Schulstufe : Band 2

Der nun vorliegende zweite Band des Praxishandbuchs für „Deutsch“ 5.–8. Schulstufe enthält sieben Texte zu den verschiedenen Kompetenzbereichen des Unterrichtsfachs Deutsch für die Sekundarstufe I (Zuhören und Sprechen, Schreiben, Lesen, Sprachbewusstsein) und ist als Ergänzung zum im November 2010 erschienenen ersten Band des Praxishandbuchs zu verstehen.
Die beiden Bände des Praxishandbuchs decken nicht nur sämtliche Kompetenzbereiche der Bildungsstandards für dieses Fach (5. bis 8. Schulstufe) ab, sondern beschäftigen sich zusätzlich mit verschiedenen Aspekten der Umsetzung von Bildungsaufgaben im Deutschunterricht.
</marc:subfield>
   </marc:datafield>
   <marc:datafield ind1=" " ind2=" " tag="020">
      <marc:subfield code="a">9783701177820</marc:subfield>
      <marc:subfield code="9">9783701177820</marc:subfield>
   </marc:datafield>
   <marc:datafield ind1=" " ind2=" " tag="041">
      <marc:subfield code="a">ger</marc:subfield>
   </marc:datafield>
   <marc:datafield ind1=" " ind2=" " tag="300">
      <marc:subfield code="a">139 S.</marc:subfield>
   </marc:datafield>
</marc:record>
